000 00434nam a2200145Ia 4500
008 220214s9999 xx 000 0 und d
100 _aAsche Frank
245 0 _aDerived demand and relationships between prices at different levels in the value chain: A note
260 _bJournal of Agricultural Economics
_c2002
300 _a101-107
700 _aFlaaten Ola
700 _aIsaken John R
700 _aVassdal Terje
942 _cRE
999 _c45312
_d45312